Nezabudni na mňa, láska (Record no. 22016)
[ view plain ]
| 000 -LEADER | |
|---|---|
| fixed length control field | 01505nam a2200409 a 4500 |
| 001 - CONTROL NUMBER | |
| control field | 22016 |
| 003 - CONTROL NUMBER IDENTIFIER | |
| control field | VRT |
| 005 - DATE AND TIME OF LATEST TRANSACTION | |
| control field | 20260317152826.0 |
| 008 - FIXED-LENGTH DATA ELEMENTS--GENERAL INFORMATION | |
| fixed length control field | 240801s2001 xo ra slo |
| 015 ## - NATIONAL BIBLIOGRAPHY NUMBER | |
| National bibliography number | SNBA2001/10-03411 |
| 020 ## - INTERNATIONAL STANDARD BOOK NUMBER | |
| International Standard Book Number | 8055100020 |
| 035 ## - SYSTEM CONTROL NUMBER | |
| System control number | SNK000365699 |
| 035 ## - SYSTEM CONTROL NUMBER | |
| System control number | urn:nbn:sk:snk-amk40j |
| 035 ## - SYSTEM CONTROL NUMBER | |
| System control number | urn:nbn:sk:snk-am0055tx |
| 035 ## - SYSTEM CONTROL NUMBER | |
| System control number | 326D0619-B882-4CA4-960F-9AD8DB22D7C6 |
| 039 #9 - LEVEL OF BIBLIOGRAPHIC CONTROL AND CODING DETAIL [OBSOLETE] | |
| Level of rules in bibliographic description | 202408011107 |
| Level of effort used to assign nonsubject heading access points | VLOAD |
| Level of effort used to assign subject headings | 202403141120 |
| Level of effort used to assign classification | VLOAD |
| Level of effort used to assign subject headings | 202402261448 |
| Level of effort used to assign classification | VLOAD |
| Level of effort used to assign subject headings | 202203220850 |
| Level of effort used to assign classification | AUTHORITY |
| 040 ## - CATALOGING SOURCE | |
| Original cataloging agency | SNK |
| Language of cataloging | slo |
| Transcribing agency | SNK |
| Description conventions | AACR2 |
| 041 0# - LANGUAGE CODE | |
| Language code of text/sound track or separate title | slo |
| 044 ## - COUNTRY OF PUBLISHING/PRODUCING ENTITY CODE | |
| MARC country code | xo |
| ISO country code | SK |
| 080 ## - UNIVERSAL DECIMAL CLASSIFICATION NUMBER | |
| Universal Decimal Classification number | 820 (73)-3 |
| Edition identifier | 1981 |
| 100 1# - MAIN ENTRY--PERSONAL NAME | |
| Personal name | Small, Bertrice, |
| Dates associated with a name | 1937-2015 |
| Relationship | aut |
| 240 10 - UNIFORM TITLE | |
| Uniform title | Remember me, love |
| Language of a work | Slovensky |
| 245 10 - TITLE STATEMENT | |
| Title | Nezabudni na mňa, láska |
| Statement of responsibility, etc. | Bertrice Smallová ; [z anglického originálu preložil Ján Dulla] |
| 260 ## - PUBLICATION, DISTRIBUTION, ETC. | |
| Place of publication, distribution, etc. | Bratislava |
| Name of publisher, distributor, etc. | Ikar |
| Date of publication, distribution, etc. | 2001 |
| 300 ## - PHYSICAL DESCRIPTION | |
| Extent | 351 s. |
| Dimensions | 21 cm |
| 650 07 - SUBJECT ADDED ENTRY--TOPICAL TERM | |
| Topical term or geographic name entry element | romány historické americké |
| Source of heading or term | SNK |
| 655 #7 - INDEX TERM--GENRE/FORM | |
| Genre/form data or focus term | umelecká literatúra |
| Source of term | SNK |
| 700 1# - ADDED ENTRY--PERSONAL NAME | |
| Personal name | Dulla, Ján |
| Titles and other words associated with a name | (prekladateľ) |
| Relationship | trl |
| 942 ## - ADDED ENTRY ELEMENTS (KOHA) | |
| Source of classification or shelving scheme | Dewey Decimal Classification |
| Koha item type | Krásna literatúra pre dospelých |
| Suppress in OPAC | No |
| 949 ## - LOCAL PROCESSING INFORMATION (OCLC) | |
| 6 | 17A0302643 |
| 9 | P60, <05>, [BOOK], {605} |
| a | snkSC 104533 D1 |
| b | snkKSP 6456/2001 |
| 949 ## - LOCAL PROCESSING INFORMATION (OCLC) | |
| 6 | 273K0208794 |
| a | svkpoA 179381 |
| b | svkpo446615 |
| 949 ## - LOCAL PROCESSING INFORMATION (OCLC) | |
| 6 | 270001000121404 |
| a | svkbbA 103558 |
| b | svkbbm 638347 |
| p | 638.347 |
| 949 ## - LOCAL PROCESSING INFORMATION (OCLC) | |
| 6 | 2889123006 |
| a | savukPV 3681 |
| 949 ## - LOCAL PROCESSING INFORMATION (OCLC) | |
| 6 | 17A0295274 |
| 9 | P60, <03>, [BOOK], {603} |
| a | snkSC 104533 |
| b | snkKSP 4950/2001 |
| s | 6100:20140925 |
| Stav vyradenia | Strata | Poškodenie | Spôsob nadobudnutia | Domovská knižnica | Aktuálna knižnica | Dátum nadobudnutia | Total checkouts | Čiarový kód exemplára | Date last seen | Date last checked out | Typ exemplára |
|---|---|---|---|---|---|---|---|---|---|---|---|
| Dar | Obecná knižnica Horná Štubňa | Obecná knižnica Horná Štubňa | 17.03.2026 | 1 | 9788055100029 | 28.04.2026 | 17.03.2026 | Krásna literatúra pre dospelých |
